000 nam a22 7a 4500
999 _c56571
_d56571
003 OSt
005 20230515071142.0
008 230515b xxu||||| |||| 00| 0 eng d
040 _cIIMTU ,MEERUT
100 _aSRIVASTAVA , P.K
245 _aDRAVYAGUNA VIGYAN VOL-3
250 _a1 ST
260 _aVARANASI
_bCHAUKHAMBA
_c2023
300 _a484
942 _2ddc
_c01
_e1 ST